Chicken soup for the soul : (Record no. 10242)

MARC details
000 -LEADER
fixed length control field 00786nam a22002177a 4500
003 - CONTROL NUMBER IDENTIFIER
control field OSt
005 - DATE AND TIME OF LATEST TRANSACTION
control field 20260505015531.0
008 - FIXED-LENGTH DATA ELEMENTS--GENERAL INFORMATION
fixed length control field 260505b |||||||| |||| 00| 0 eng d
020 ## - INTERNATIONAL STANDARD BOOK NUMBER
International Standard Book Number 9781611599480
040 ## - CATALOGING SOURCE
Original cataloging agency DWCL Main Lib.
Transcribing agency OC
082 ## - DEWEY DECIMAL CLASSIFICATION NUMBER
Classification number Prof. 610.73 C532c 2015
100 ## - MAIN ENTRY--PERSONAL NAME
Personal name Newmark, Amy
Relator term Compiler
245 ## - TITLE STATEMENT
Title Chicken soup for the soul :
Remainder of title inspiration for nurses : 101 stories of appreciation and wisdom /
Statement of responsibility, etc. Amy Newmark and LeAnn Thieman
260 ## - PUBLICATION, DISTRIBUTION, ETC.
Place of publication, distribution, etc. USA :
Name of publisher, distributor, etc. Chicken Soup for the Soul Publishing,
Date of publication, distribution, etc. c2015.
300 ## - PHYSICAL DESCRIPTION
Extent xi, 349 pages :
Other physical details illustrations ;
Dimensions 22cm
650 ## - SUBJECT ADDED ENTRY--TOPICAL TERM
Topical term or geographic name entry element 1. Nurses -- Literary Collections.
650 ## - SUBJECT ADDED ENTRY--TOPICAL TERM
Topical term or geographic name entry element 2. Nurses -- Anecdotes.
650 ## - SUBJECT ADDED ENTRY--TOPICAL TERM
Topical term or geographic name entry element 3. Nursing -- Literary Collections.
700 ## - ADDED ENTRY--PERSONAL NAME
Personal name I. Thieman, LeAnn
Relator term Compiler
942 ## - ADDED ENTRY ELEMENTS (KOHA)
Source of classification or shelving scheme Dewey Decimal Classification
Koha item type Professional Collections
Suppress in OPAC No
952 ## - LOCATION AND ITEM INFORMATION (KOHA)
--
Holdings
Withdrawn status Lost status Source of classification or shelving scheme Damaged status Not for loan Home library Current library Shelving location Date acquired Source of acquisition Cost, normal purchase price Total Checkouts Full call number Barcode Date last seen Copy number Price effective from Koha item type Uniform Resource Identifier
    Dewey Decimal Classification     Junior High School Library Junior High School Library Professional 09/19/2016 Library Fund 585.00   Prof. 610.73 C532c 2015 JHS - 19054 05/05/2026 c1 05/05/2026 PROF.